Taxation: theory and Practice (Record no. 5852)

MARC details
005 - DATE AND TIME OF LATEST TRANSACTION
control field 20250628075620.0
020 ## - INTERNATIONAL STANDARD BOOK NUMBER
International Standard Book Number 0-273-65573-6
082 ## - DEWEY DECIMAL CLASSIFICATION NUMBER
Classification number 336.2 NIG
100 ## - MAIN ENTRY--PERSONAL NAME
Author name NIGHTNGALE, K
245 ## - TITLE STATEMENT
Title Taxation: theory and Practice
260 ## - PUBLICATION, DISTRIBUTION, ETC.
Place of publication, distribution, etc. London
Name of publisher, distributor, etc. Pearson Education Limited
Date of publication, distribution, etc. 2002.
300 ## - PHYSICAL DESCRIPTION
Extent xv.676p.
Other physical details Index
Dimensions 26cm
942 ## - ADDED ENTRY ELEMENTS (KOHA)
Source of classification or shelving scheme Dewey Decimal Classification
Koha item type Books
Holdings
Date last seen Total checkouts Full call number Barcode Cost, replacement price Price effective from Koha item type Lost status Source of classification or shelving scheme Damaged status Not for loan Withdrawn status Home library Current library Shelving location Date acquired Source of acquisition Cost, normal purchase price
06/28/2025   336.2 MZA0002896 90000.00 06/28/2025 Books   Dewey Decimal Classification       CBE Mwanza CBE Mwanza General Collection 06/14/2017 Library budget 30000.00